Политология: учебное пособие по языку специальности

Podrobná bibliografie
Hlavní autor: Лобанова Л. А.
Další autoři: Могилева И. Б., Черненко Т. В.
Shrnutí:Учебное пособие предназначено для занятий по русскому языку в группах иностранных студентов, изучающих политологию и имеющих языковую подготовку в объеме I сертификационного уровня. Цель данного пособия — ознакомить учащихся с особенностями научного стиля речи, отдельным пластом общественно-политической лексики, синтаксическими моделями, характерными для политической науки. Пособие состоит из 9 уроков, построенных на материале курса «Основы политологии», изучаемого студентами, контрольных работ и аудиоприложения.
Jazyk:ruština
Vydáno: Санкт-Петербург, Златоуст, 2012
Edice:Читаем тексты по специальности Вып. 7
Témata:
Médium: MixedMaterials Kniha
KOHA link:https://koha.lib.tpu.ru/cgi-bin/koha/opac-detail.pl?biblionumber=228467

MARC

LEADER 00000nam0a2200000 4500
001 228467
005 20231101230859.0
010 |a 9785865475750 
035 |a (RuTPU)RU\TPU\book\248942 
090 |a 228467 
100 |a 20121219d2012 m y0rusy50 ca 
101 0 |a rus 
102 |a RU 
105 |a a j 000zy 
200 1 |a Политология  |e учебное пособие по языку специальности  |f Л. А. Лобанова, И. Б. Могилева, Т. В. Черненко 
210 |a Санкт-Петербург  |c Златоуст  |d 2012 
215 |a 159 с.  |c ил.  |e CD-ROM 
225 1 |a Читаем тексты по специальности  |v Вып. 7 
330 |a Учебное пособие предназначено для занятий по русскому языку в группах иностранных студентов, изучающих политологию и имеющих языковую подготовку в объеме I сертификационного уровня. Цель данного пособия — ознакомить учащихся с особенностями научного стиля речи, отдельным пластом общественно-политической лексики, синтаксическими моделями, характерными для политической науки. Пособие состоит из 9 уроков, построенных на материале курса «Основы политологии», изучаемого студентами, контрольных работ и аудиоприложения. 
606 1 |a Русский язык  |x Для других народов  |x Учебные руководства и пособия  |2 stltpush  |3 (RuTPU)RU\TPU\subj\26400  |9 50340 
610 1 |a лексика 
610 1 |a лексико-грамматические навыки 
610 1 |a тексты 
610 1 |a общественно-политическая лексика 
610 1 |a синтаксические модели 
610 1 |a политика 
610 1 |a политология 
610 1 |a CD-ROM 
686 |a Ш141.2-96  |v LBC/SL-A  |2 rubbk 
700 1 |a Лобанова  |b Л. А. 
701 1 |a Могилева  |b И. Б. 
701 1 |a Черненко  |b Т. В. 
801 1 |a RU  |b 63413507  |c 20121219 
801 2 |a RU  |b 63413507  |c 20170621  |g RCR 
942 |c BK 
959 |a 162/20121218  |d 10  |e 450,00